01605nam a2200385Ia 4500001001200000003000800012006001900020007001500039008004100054010001700095020001800112020003000130020002700160040002100187035002100208050002700229082001500256245013100271246003800402260004900440300005400489490003600543504005100579533015200630650003300782651005000815651004600865651004400911655002900955700002500984700003001009710001701039830003701056856012601093ebr10661789CaPaEBRm u cr cn|||||||||090317s2010 nyuab sb 001 0 eng d z 2009011431 z9781611225624 z9781607413486 (hardcover) z1607413485 (hardcover) aCaPaEBRcCaPaEBR a(OCoLC)66951065114aJQ628.A58bN464 2010eb04a954.9622200aNepal in the 21st centuryh[electronic resource] /cSurendra R. Devkota, editor ; [contributors, Keshav Bhattarai ... et al.].3 aNepal in the twenty-first century aNew York :bNova Science Publishers,cc2010. avi, 321 p. :bill. (some col.), maps (some col.).1 aGlobal political studies series aIncludes bibliographical references and index. aElectronic reproduction.bPalo Alto, Calif. :cebrary,d2013.nAvailable via World Wide Web.nAccess may be limited to ebrary affiliated libraries. 0aEconomic developmentzNepal. 0aNepalxPolitics and governmenty21st century. 0aNepalxEconomic conditionsy21st century. 0aNepalxSocial conditionsy21st century. 7aElectronic books.2local1 aDevkota, Surendra R.1 aBhattarai, Keshav,d1955-2 aebrary, Inc. 0aGlobal political studies series.40uhttp://site.ebrary.com/lib/rucke/Doc?id=10661789zAn electronic book accessible through the World Wide Web; click to view